Carré de maths - Facile - Statistiques

Statistiques générales
  • Ce quiz a été pris 1 060 fois
  • Le résultat moyen est 11 sur 15
Statistiques - réponses
Hint Réponse % Correct
1 7
99%
5 4
93%
4 6
93%
2 2
89%
3 8
89%
6 9
87%
7 4
81%
8 1
80%
9 6
79%
10 2
78%
12 3
49%
15 4
48%
11 7
47%
13 9
45%
14 6
44%
Aucun quiz correspondant
Distribution des résultats
% des personnes avec chaque résultat
Percentile par nombre de réponses
Votre historique - résultats
Vous n’avez pas pris ce quiz